The politics of security sector reform in Egypt /

This report explores the current state of the security sector and the prospects for security sector reform in Egypt.

Bibliographic Details
Main Author: Brumberg, Daniel
Corporate Author: United States Institute of Peace
Other Authors: Sallam, Hesham
Format: Government Document eBook
Language:English
Published: Washington, DC : U.S. Institute of Peace, 2012.
Series:Special report (United States Institute of Peace) ; 318.
Subjects:
Online Access:https://purl.fdlp.gov/GPO/gpo31577

MARC

Tag First Indicator Second Indicator Subfields
LEADER 00000cam a2200000Ia 4500
001 in00002785316
005 20211120170454.0
006 m o d f
007 cr bn|||||||||
008 121025s2012 dcu ob f000 0 eng d
035 |a (OCoLC)ocn814380723 
040 |a AWC  |c AWC  |d OCLCO  |d GPO  |d MvI  |d UtOrBLW 
043 |a f-ua--- 
049 |a WWW 
074 |a 1063-K-11 (online) 
086 0 |a Y 3.P 31:20/318 
100 1 |a Brumberg, Daniel. 
245 1 4 |a The politics of security sector reform in Egypt /  |c Daniel Brumberg and Hesham Sallam. 
264 1 |a Washington, DC :  |b U.S. Institute of Peace,  |c 2012. 
300 |a 1 online resource (15 pages) :  |b digital, PDF file. 
336 |a text  |b txt  |2 rdacontent 
337 |a computer  |b c  |2 rdamedia 
338 |a online resource  |b cr  |2 rdacarrier 
490 1 |a Special report ;  |v 318 
500 |a "October 2012." 
520 |a This report explores the current state of the security sector and the prospects for security sector reform in Egypt. 
504 |a Includes bibliographical references (pages 14-15). 
505 0 |a Defining the challenge of security sector reform in Egypt -- Egyptian armed forces and Ministry of Defense -- Ministry of Interior and the police sector -- Existing visions for MoI reform -- The future of SSR : prospects and scenarios -- Conclusions and recommendations. 
500 |a Title from PDF caption (USIP, viewed October 25, 2012). 
500 |a Electronic resource. 
650 0 |a Internal security  |z Egypt. 
610 1 0 |a Egypt.  |b Wizārat al-Dākhilīyah  |x Reorganization. 
610 1 0 |a Egypt.  |b Wizārat al-Difāʻ  |x Reorganization. 
650 0 |a Security sector  |z Egypt. 
651 0 |a Egypt  |x Politics and government  |y 21st century. 
700 1 |a Sallam, Hesham. 
710 2 |a United States Institute of Peace. 
830 0 |a Special report (United States Institute of Peace) ;  |v 318. 
856 4 0 |u https://purl.fdlp.gov/GPO/gpo31577  |t 0 
999 |a MARS 
999 f f |s e2efe719-67d1-3bd9-b846-ed12807bb9e2  |i e2eeca6c-f4fd-3d72-adb1-25369c3f60ea  |t 0 
952 f f |a Texas A&M University  |b College Station  |c Electronic Resources  |d Available Online  |t 0  |e Y 3.P 31:20/318  |h Superintendent of Documents classification 
998 f f |a Y 3.P 31:20/318  |t 0  |l Available Online